000 00305nam a22001337a 4500
008 171016b xxu||||| |||| 00| 0 eng d
020 _a9780321303493
041 _aeng
080 _214TH
_a33
100 _a52
101 _aEKO
245 _aTHE ECONOMICS OF PUBLIC ISSUES
_cMILLER,R.R
942 _2udc
_cBK
999 _c34107
_d34107